Tennis WTA Top 3 in Open Era - Statistics

General Stats
  • This quiz has been taken 322 times
    61 since last reset
  • The average score is 41 of 61
Answer Stats
Nat Year # Player % Correct
Belarus 2023 1 Aryna Sabalenka
97%
Poland 2022 1 Iga Świątek
97%
United States 2024 2 Coco Gauff
94%
Russia 2005 1 Maria Sharapova
94%
United States 2002 1 Serena Williams
94%
United States 2002 1 Venus Williams
94%
Denmark 2010 1 Caroline Wozniacki
90%
Japan 2019 1 Naomi Osaka
90%
Germany 1987 1 Steffi Graf
90%
Germany 2016 1 Angelique Kerber
87%
Australia 2019 1 Ashleigh Barty
87%
Belgium 2003 1 Justine Henin
87%
Czechoslovakia 1978 1 Martina Navratilova
87%
Tunisia 2022 2 Ons Jabeur
87%
Romania 2017 1 Simona Halep
87%
Ukraine 2017 3 Elina Svitolina
84%
Belgium 2003 1 Kim Clijsters
84%
China 2014 2 Li Na
84%
Yugoslavia 1991 1 Monika Seleš
84%
Belarus 2012 1 Victoria Azarenka
84%
Serbia 2008 1 Ana Ivanović
81%
United States 2022 3 Jessica Pegula
81%
Greece 2022 3 Maria Sakkari
81%
Kazakhstan 2023 3 Elena Rybakina
77%
Spain 2017 1 Garbiñe Muguruza
77%
Switzerland 1997 1 Martina Hingis
77%
France 2004 1 Amélie Mauresmo
74%
Russia 2009 1 Dinara Safina
74%
Australia 1976 1 Evonne Goolagong Cawley
74%
United States 1998 1 Lindsay Davenport
74%
Spain 2022 2 Paula Badosa
74%
Poland 2012 2 Agnieszka Radwańska
71%
United States 2026 3 Amanda Anisimova
71%
Spain 1995 1 Arantxa Sánchez Vicario
71%
Czech Republic 2022 2 Barbora Krejčíková
71%
Spain 1995 2 Conchita Martínez
71%
Serbia 2008 1 Jelena Janković
71%
United States 2001 1 Jennifer Capriati
71%
Czech Republic 2017 1 Karolína Plíšková
71%
Czech Republic 2011 2 Petra Kvitová
71%
United States 1975 1 Chris Evert
68%
United States 2018 3 Sloane Stephens
68%
United States 1977 2 Billie Jean King
61%
France 1995 3 Mary Pierce
61%
Russia 2007 2 Svetlana Kuznetsova
61%
Argentina 1989 3 Gabriela Sabatini
58%
Czechoslovakia 1984 3 Hana Mandlíková
52%
United States 1980 1 Tracy Austin
52%
United Kingdom 1975 2 Virginia Wade
48%
Estonia 2022 2 Anett Kontaveit
45%
Czech Republic 1997 2 Jana Novotná
45%
Russia 2004 2 Anastasia Myskina
42%
Russia 2009 3 Elena Dementieva
42%
Bulgaria 1985 3 Manuela Maleeva
29%
Russia 2010 2 Vera Zvonareva
29%
South Africa 1997 3 Amanda Coetzer
26%
United States 1984 3 Pam Shriver
23%
Russia 2006 3 Nadia Petrova
19%
United States 1981 2 Andrea Jaeger
16%
France 2000 3 Nathalie Tauziat
16%
Australia 1985 3 Wendy Turnbull
13%
No matching quizzes found
Score Distribution
Percent of People with Each Score
Percentile by Number Answered
Your Score History
You have not taken this quiz since the last reset